Foreign Film Titles Quiz Stats

 Plays Quiz Updated Jul 5, 2019

Score 0/32 Timer 08:00
0 Plays Today
Foreign Language Title English Title % Correct
La belle et la bêteBeauty and the Beast
77.8%
Il buono, il brutto, il cattivo.The Good, the Bad and the Ugly
65.7%
Diarios de motocicletaThe Motorcycle Diaries
59.1%
La vita è bellaLife Is Beautiful
55.9%
Cidade de DeusCity of God
54%
El laberinto del faunoPan's Labyrinth
50.4%
Shichinin no samuraiSeven Samurai
45.4%
Lola renntRun Lola Run
45.2%
Hable con ellaTalk to Her
36.6%
Bronenosets PotyomkinBattleship Potemkin
36.4%
C'era una volta il WestOnce Upon a Time in the West
35.5%
Per un pugno di dollariA Fistful of Dollars
34.5%
Alexis ZorbasZorba the Greek
34.4%
Todo sobre mi madreAll About My Mother
33.9%
Ladri di bicicletteThe Bicycle Thief
32.4%
Wo hu cang longCrouching Tiger, Hidden Dragon
27.3%
Foreign Language Title English Title % Correct
Vals Im BashirWaltz with Bashir
26%
Le scaphandre et le papillonThe Diving Bell and the Butterfly
22.6%
Låt den rätte komma inLet the Right One In
22%
Das Leben der AnderenThe Lives of Others
21.9%
Les quatre cents coupsThe 400 Blows
19.6%
Aguirre, der Zorn GottesAguirre, the Wrath of God
18.2%
4 luni, 3 saptamâni si 2 zile4 Months, 3 Weeks and 2 Days
17.7%
Der UntergangDownfall
17.5%
Sen to Chihiro no kamikakushiSpirited Away
14.4%
Det sjunde insegletThe Seventh Seal
14.3%
Ying xiongHero
10.6%
SmultronställetWild Strawberries
9.2%
Central do BrasilCentral Station
7.9%
Der Himmel über BerlinWings of Desire
7.4%
Nochnoy dozorNight Watch
6.6%
Lat sau san taamHard Boiled
3%

You're not logged in!

Compare scores with friends on all Sporcle quizzes.
OR
Log In

Sporcle TV

Today on Sporcle TV


Watch our educational content, quiz creation guides, and fun videos on Sporcle TV.

Show Comments

Extras

Top Quizzes Today


Score Distribution

Your Account Isn't Verified!

In order to create a playlist on Sporcle, you need to verify the email address you used during registration. Go to your Sporcle Settings to finish the process.

Report this User

Report this user for behavior that violates our Community Guidelines.

Details: